| 000 | 00642nam a2200229 i 4500 | ||
|---|---|---|---|
| 001 | bg | ||
| 100 | 1 | _aADAMCZYK, Zdzisław | |
| 245 | 1 | 0 |
_aMinerały skałotwórcze w płytkach cienkich / _cZdzisław Adamczyk, Jacek Nowak. |
| 260 |
_aGliwice : _bWydaw. Pracowni Komputerowej Jacka Skalmierskiego, _c1999. |
||
| 300 |
_a81, [1] s. : _bfot. kolor. ; _c24 cm. |
||
| 504 | _aBibliogr. | ||
| 650 | 9 | _aMineralogia | |
| 650 | 9 | _aMinerały | |
| 700 | 1 | _aNOWAK, Jacek | |
| 020 | _a8386644281 | ||
| 040 | _cBPK | ||
| 041 | 0 | _apl | |
| 080 | _a549:552 | ||
| 920 | _a83-86644-28-1 | ||
| 942 | _cKS | ||
| 008 | s pl f |000 0 pol | ||
| 999 |
_c39770 _d39770 |
||
| 856 |
_uhttp://koha.tu.koszalin.pl/cgi-bin/koha/opac-detail.pl?biblionumber=39770 _yKatalog online BPK |
||